Castigo divino y la nueva novela histórica /
Guardado en:
| 主要作者: | |
|---|---|
| 格式: | 未知 |
| 語言: | Spanish |
| 出版: |
San José, Costa Rica:
Editorial de la Universidad de Costa Rica,
2000
|
| 主題: | |
| 標簽: |
添加標簽
沒有標簽, 成為第一個標記此記錄!
|
MARC
| LEADER | 000000000a22000000004500 | ||
|---|---|---|---|
| 001 | 000549 | ||
| 008 | 140619b2000 cr |||f |||| 000 0 spa d | ||
| 041 | 0 | |a español | |
| 082 | |a 410.63 |b C749m | ||
| 100 | 1 | |a Muiser, Jorine | |
| 245 | 1 | 0 | |a Castigo divino y la nueva novela histórica / |c Jorine Muiser |
| 260 | |a San José, Costa Rica: |b Editorial de la Universidad de Costa Rica, |c 2000 | ||
| 300 | |a 295-302 páginas | ||
| 500 | |a En: Memoria del IV Congreso Costarricense de Filología Lingüística y Literatura .M.L. Virginia Sandoval de Fonseca, signatura 410.63 C749m | ||
| 600 | |a RAMIREZ MERCADO, SERGIO, 1942- |9 44 | ||
| 650 | 4 | |a NOVELA HISTORICA |9 47 | |
| 650 | 4 | |a LITERATURA NICARAGUENSE |9 54 | |
| 942 | |2 ddc |c AM | ||
| 773 | 0 | |0 3573 |9 1459 |a Congreso Costarricense de Filología, Lingüística y Literatura M.L. Virginia Sandoval de Fonseca |d San José, Costa Rica: Oficina de Publicaciones de la Universidad de Costa Rica, 1993. |o 05203 |t Memoria del IV Congreso Costarricense de Filología, Lingüística y Literatura. M.L. Virginia Sandoval de Fonseca / |z 997715029X | |
| 999 | |c 1341 |d 1341 | ||



